000 00462nam a22001097a 4500
999 _c2987
_d2987
008 190413b ||||| |||| 00| 0 eng d
100 _aKonwiser, Harry
245 _aCanada and Newfoundland Stampless Cover Catalog (first Ed. 1946)
260 _aVerona, NJ
_bStephen Rich
_c1946
650 _aCanada | Canada -- Newfoundland (-2001) | Pre-adhesive Covers | Catalogs and Price Lists | Postal Markings | Postal History | British North America
700 _aCampbell, Frank